| 000 | 00684nam a2200241Ia 4500 | ||
|---|---|---|---|
| 003 | OSt | ||
| 005 | 20220918174616.0 | ||
| 006 | a|||||r|||| 00| 0 | ||
| 007 | ta | ||
| 008 | 220917b |||||||| |||| 00| 0 eng d | ||
| 024 | _a13,103 | ||
| 037 | _cTextual | ||
| 040 |
_aARTS _cARTS _beng |
||
| 041 |
_2eng _aeng |
||
| 082 | _a/\2:3, L8 | ||
| 100 |
_aRajneesh Bhagwan Shree _945028 |
||
| 245 | 0 |
_aCypress in the countryard _b a darshan diary ed by Ma Prem Maneesha |
|
| 260 |
_aPoona _bRajneesh Foundation _c1976 |
||
| 300 |
_axiii,437p. illus _ccm. |
||
| 650 | _aSPIRITUALISM | ||
| 942 |
_h/\2:3, L8 _cTEXL _2CC |
||
| 999 |
_c153923 _d153923 |
||